| 000 | 00367nam a22001337a 4500 | ||
|---|---|---|---|
| 082 |
_a940.548 _bCIA _cL-3, P-43 |
||
| 100 |
_aMuggeridge, Malcolm _948998 |
||
| 245 | _aCiano's Diary 1939-1943 | ||
| 260 |
_aLondon _bWilliam Heinemann Ltd. Toronto _c1939 |
||
| 300 | _axxii, 575 P | ||
| 526 |
_a0 _b0 _c0 _d940_548000000000000_CIA |
||
| 650 |
_aMCE _9379 |
||
| 942 |
_2ddc _cBK |
||
| 999 |
_c551841 _d551841 |
||